| 000 | 01047nam a2200301 i 4500 | ||
|---|---|---|---|
| 001 | 16134 | ||
| 003 | ES-MaACL | ||
| 005 | 20250722093412.0 | ||
| 007 | t| | ||
| 008 | 000704s2000 sp ||||1| spa d | ||
| 020 | _a84-8428-005-5 | ||
| 080 | _a821.111-94"18" | ||
| 080 | _a929 Byron, George Gordon Byron, Baron | ||
| 080 | _a929 Shelley, Percy Bysshe | ||
| 100 | 1 |
_aTrelawny, Edward John. _9111294 |
|
| 245 | 1 | 0 |
_aMemorias de los últimos días de Byron y Shelley / _cE.J. Trelawny ; introducción y notas J.E. Morpurgo ; traducción Catalina Martínez Muñoz. |
| 250 | _a1ª ed. | ||
| 260 |
_aBarcelona : _bAlba, _c2000. |
||
| 300 |
_a364 p. : _bil. ; _c21 cm. |
||
| 490 | 1 |
_aA Clásica. Biografías ; _v2 |
|
| 600 | 1 | 4 |
_aByron, George Gordon Byron, _cBaron, _d1788-1824 _933026 |
| 600 | 1 | 4 |
_aShelley, Percy Bysshe. _9106071 |
| 700 | 1 |
_aMorpurgo, J.E. _983655 |
|
| 700 | 1 |
_aMartínez Muñoz, Catalina. _978271 |
|
| 830 | 0 |
_aA Clásica _v2 _9180011 |
|
| 852 |
_aES-MaACL _jL-23339 _bR.128970 |
||
| 999 |
_c16134 _d16134 |
||